History Quiz

Random History or War Quiz

Military Animals Quiz Stats

Quiz not verified by Sporcle

Also try: Fastest Animals
Challenge
Share
Tweet
Score 0/20 Timer 06:00
0 Plays Today
Uses Animal % Correct
The most commonly ridden animal in warfare; also used to pull chariots and for hauling.Horse
98.8%
Used presently by the US, chiefly for underwater mine clearance and object recovery.Dolphin or Sea Lion
80.3%
Used to scare horses, attack people, pull sleds, and more recently as anti-tank bomb carriers.Dog
79.9%
Used by many armies since ~1,100 BC in Asia for siege and mounts.Elephant
76.2%
Used mostly for hauling, but at times for riding.Mule, Donkey
75.7%
Used to control vermin on ships.Cat
74.7%
Type of bird most often used as message carrier; the US used them in WWII to guide bombs.Pigeon
69.9%
Used as mounts, especially in desert regions.Camel
67.4%
Used by various Air Forces to clear the sky of smaller birds before take off.Falcon
63.2%
Romans catapulted this 'angry' insect into towns; one type is used today to detect scents of bomb ingredients.Bee, Honeybee
62.1%
Uses Animal % Correct
According to Pliny the Elder, the squeals made by this animal would frighten much larger beasts employed by enemies.Pig
59.6%
Considered for use by the US military to fly in the dark, settling in buildings with small incendiary bombs attached, in WWII.Bat
58.2%
Used to sniff out mines on land -- its small size would preclude setting them off in the process.Rat
50.7%
Its size and greater pulling power was used to haul weapons in bad terrain.Ox
49.5%
During WWII, this tiny insect was infected with plague and dropped by planes in field tests over China; plans existed to contaminate San Diego, California as well.Flea
35.3%
'Wojtek' of the Polish II Corp, who helped transport ammunition, was this type of large animal.Bear
31.3%
This insect, in larvae form, when collected en masse within glass jars, was used by British soldiers to read maps in dark trenches in WWI.Glow Worm (Beetle)
30.7%
Use of this domestic bird was briefly attempted by the US military in Iraq as early-warning alerts in the event of a chemical or biological attack.Chicken
22.8%
This animal was clothed with straw, dipped in oil and set on fire, then set loose into the enemy's camp during the Song Dynasty in China.Monkey
18.3%
This large bird 'parachuted' down with its wings when dropped from planes, delivering supplies during the Spanish Civil War.Turkey
11.9%

You're not logged in!

Compare scores with friends on all Sporcle quizzes.
Join for Free
OR
Log In

You Might Also Like...

Show Comments

Extras

Editor's Pick Oct 9, 2015SourceReportNominate
Tags:Animal Quiz, War Quiz, army, military, navy

Top Quizzes Today


Score Distribution

Your Account Isn't Verified!

In order to create a playlist on Sporcle, you need to verify the email address you used during registration. Go to your Sporcle Settings to finish the process.

Report this User

Report this user for behavior that violates our Community Guidelines.

Details: